[Event "TCh-FRA Top 12 2014"]
[Site "Saint-Quentin FRA"]
[Date "2014.05.26"]
[Round "3.4"]
[White "Koch, Jean-Rene"]
[Black "Libiszewski, Fabien"]
[Result "1-0"]
[WhiteTitle "IM"]
[BlackTitle "GM"]
[WhiteElo "2455"]
[BlackElo "2543"]
[WhiteTeam "Club d'Echecs Metz Fischer"]
[BlackTeam "Echecs Club Montpellier"]
[WhiteFideId "600148"]
[BlackFideId "616834"]
[EventDate "2014.05.24"]

1. c4 c6 2. d4 Nf6 3. Nc3 d5 4. cxd5 cxd5 5. Bf4 a6 6. e3 Nc6 7. Bd3 Bg4 8. Nge2
e6 9. O-O Be7 10. Rc1 O-O 11. f3 Bh5 12. Na4 Bg6 13. Bxg6 hxg6 14. Qb3 Na5 15.
Qb6 Ne8 16. b3 Qxb6 17. Nxb6 Rd8 18. Nc3 Nc6 19. Nca4 Ba3 20. Rcd1 Nd6 21. g4
Nb5 22. Bg3 Rfe8 23. Kg2 g5 24. h4 gxh4 25. Bxh4 f6 26. Bg3 Bb4 27. Be1 Bxe1 28.
Rfxe1 Rd6 29. Rd2 Kf7 30. Rh1 Ne7 31. Rc1 Red8 32. Rc5 e5 33. dxe5 fxe5 34. Kg3
g6 35. f4 exf4+ 36. exf4 Kf6 37. Rh2 Kg7 38. Rc1 Re6 39. Rch1 Rdd6 40. Rh8 Ng8
41. R1h7+ 1-0

[Event "TCh-FRA Top 12 2014"]
[Site "Saint-Quentin FRA"]
[Date "2014.05.26"]
[Round "3.5"]
[White "Flear, Glenn C"]
[Black "Belkhodja, Slim"]
[Result "1/2-1/2"]
[WhiteTitle "GM"]
[BlackTitle "GM"]
[WhiteElo "2488"]
[BlackElo "2410"]
[WhiteTeam "Echecs Club Montpellier"]
[BlackTeam "Club d'Echecs Metz Fischer"]
[WhiteFideId "400165"]
[BlackFideId "600229"]
[EventDate "2014.05.24"]

1. d4 Nf6 2. c4 d6 3. Nc3 Nbd7 4. Nf3 e5 5. Bg5 Be7 6. e3 O-O 7. Qc2 c6 8. O-O-O
exd4 9. exd4 d5 10. cxd5 Nxd5 11. Bxe7 Qxe7 12. Nxd5 cxd5 13. Bd3 Nf6 14. Kb1
Bg4 15. Rde1 Qb4 16. Qd2 Qxd2 17. Nxd2 Rfe8 18. h3 Rxe1+ 19. Rxe1 Bd7 20. Nf3
Rc8 21. Ne5 Be8 22. Bf5 Rd8 23. Rc1 Ne4 24. Rc7 f6 25. Be6+ Kf8 26. Nf7 Rb8 27.
f3 Ng3 28. Nd6 Bg6+ 29. Kc1 Ne2+ 30. Kd2 Nf4 31. Bf7 Nxg2 32. Bxd5 Rd8 33. Rc8
Rxc8 34. Nxc8 b6 35. Nxa7 Bf5 36. Be4 Bxh3 37. Bxh7 Bd7 38. Be4 g5 39. Bc6 Ke7
40. Bxd7 Kxd7 41. Nb5 f5 42. Nc3 Kd6 43. a4 g4 44. fxg4 fxg4 45. Kd3 Nf4+ 46.
Kc4 Kc7 47. Ne4 Nh5 48. b4 g3 49. Nxg3 1/2-1/2

[Event "TCh-FRA Top 12 2014"]
[Site "Saint-Quentin FRA"]
[Date "2014.05.26"]
[Round "3.6"]
[White "Terrieux, Kevin"]
[Black "Touzane, Olivier"]
[Result "1/2-1/2"]
[WhiteTitle "IM"]
[BlackTitle "IM"]
[WhiteElo "2416"]
[BlackElo "2325"]
[WhiteTeam "Club d'Echecs Metz Fischer"]
[BlackTeam "Echecs Club Montpellier"]
[WhiteFideId "622591"]
[BlackFideId "602906"]
[EventDate "2014.05.24"]

1. d4 d5 2. Nf3 Nf6 3. g3 g6 4. Bg2 Bg7 5. c4 c6 6. Qb3 O-O 7. O-O Qb6 8. Nc3
dxc4 9. Qxc4 Qa6 10. Qb3 Bf5 11. Ng5 Qb6 12. Qc4 h6 13. e4 Bg4 14. h3 Bc8 15.
Nf3 Be6 16. Qe2 Na6 17. Be3 Qa5 18. Ne5 Nd7 19. d5 Nxe5 20. dxe6 Qb4 21. f4 Nc4
22. exf7+ Kxf7 23. e5 Nxe3 24. Qxe3 Qb6 25. Qxb6 axb6 26. a4 Rfd8 27. Rfd1 Bf8
28. Bf1 Nb4 29. Rxd8 Rxd8 30. Rd1 Rxd1 31. Nxd1 e6 32. Kg2 Bc5 33. Kf3 Bg1 34.
Bc4 Na6 35. Nc3 Bd4 36. Ne4 Bxb2 37. Nd6+ Ke7 38. Nxb7 Nb8 39. Bd3 g5 40. Nd6
gxf4 41. gxf4 Nd7 42. Ne4 Bd4 43. Ba6 Nc5 44. Nxc5 Bxc5 45. Ke4 Bb4 46. h4 Be1
47. h5 Bd2 48. f5 exf5+ 49. Kxf5 b5 50. axb5 cxb5 51. Bxb5 1/2-1/2

[Event "TCh-FRA Top 12 2014"]
[Site "Saint-Quentin FRA"]
[Date "2014.05.26"]
[Round "3.7"]
[White "Buscara, Sevan"]
[Black "Taddei, Benoit"]
[Result "1-0"]
[WhiteTitle "FM"]
[BlackTitle "FM"]
[WhiteElo "2379"]
[BlackElo "2367"]
[WhiteTeam "Echecs Club Montpellier"]
[BlackTeam "Club d'Echecs Metz Fischer"]
[WhiteFideId "650234"]
[BlackFideId "610151"]
[EventDate "2014.05.24"]

1. d4 Nf6 2. Nf3 d6 3. Bf4 Nh5 4. Bd2 g6 5. Qc1 h6 6. e4 Bg7 7. Be2 e5 8. dxe5
dxe5 9. Nc3 Nc6 10. O-O Nd4 11. Nxd4 exd4 12. Nd5 Nf6 13. Nxf6+ Qxf6 14. a4 Qe7
15. a5 a6 16. Bd3 Bd7 17. b4 Bc6 18. f3 O-O 19. Rb1 Kh7 20. Qe1 Bb5 21. f4 Rfe8
22. f5 Bc6 23. Qg3 Be5 24. Qh3 g5 25. f6 Qe6 26. Rf5 Rg8 27. Bxg5 Rg6 28. Rbf1
Rag8 29. Bd2 Bb5 30. Kh1 Bxd3 31. cxd3 Bd6 32. Rh5 Qxh3 33. Rxh3 Be5 34. Rf5
Bxf6 35. Bxh6 Rxh6 36. Rxh6+ Kxh6 37. Rxf6+ Kg7 38. Rf5 Rb8 39. h4 b6 40. b5 Ra8
41. axb6 cxb6 42. bxa6 Rxa6 43. Rd5 b5 44. Rxd4 Ra1+ 45. Kh2 Rb1 46. Kg3 b4 47.
Kg4 b3 48. Rb4 b2 49. Kg5 Rd1 50. Rxb2 Rxd3 51. g4 Re3 52. Kf4 Ra3 53. Rb7 Ra1
54. h5 Kh6 55. Rb6+ Kg7 56. Rb3 Kh6 57. e5 Rf1+ 58. Rf3 Re1 59. Kf5 Kg7 60. g5
Ra1 61. h6+ Kh7 62. Kf6 Ra7 63. Rd3 Kg8 64. e6 Ra6 65. Rd8+ Kh7 66. Kxf7 Ra7+
67. e7 Rb7 68. g6+ 1-0

[Event "TCh-FRA Top 12 2014"]
[Site "Saint-Quentin FRA"]
[Date "2014.05.26"]
[Round "3.8"]
[White "Leconte, Maria"]
[Black "Collas, Silvia"]
[Result "0-1"]
[WhiteTitle "WGM"]
[BlackTitle "IM"]
[WhiteElo "2259"]
[BlackElo "2290"]
[WhiteTeam "Club d'Echecs Metz Fischer"]
[BlackTeam "Echecs Club Montpellier"]
[WhiteFideId "618446"]
[BlackFideId "2902265"]
[EventDate "2014.05.24"]

1. e4 c5 2. Nc3 Nc6 3. Bb5 Nd4 4. Bc4 e6 5. Nge2 Nf6 6. O-O a6 7. d3 b5 8. Bb3
Nxb3 9. axb3 b4 10. Na4 d6 11. Ng3 Bb7 12. c4 Qc7 13. Re1 h5 14. h3 h4 15. Nf1
g6 16. d4 Rh5 17. d5 O-O-O 18. f3 Bg7 19. Be3 Nd7 20. Qd2 e5 21. Qf2 f5 22. Qc2
Rf8 23. exf5 gxf5 24. g4 hxg3 25. Nxg3 Rxh3 26. Kg2 Rxg3+ 27. Kxg3 f4+ 28. Kg2
fxe3 29. Qg6 Bf6 30. Rxe3 Qd8 31. Kf2 Rg8 32. Qf5 Bh4+ 33. Kf1 Kc7 34. Re4 Bc8
35. Qh3 Bg5 36. Qh7 Rh8 37. Qf7 Rh1+ 38. Ke2 Rxa1 39. Nxc5 dxc5 40. Rxe5 Qf6 0-1

[Event "TCh-FRA Top 12 2014"]
[Site "Saint-Quentin FRA"]
[Date "2014.05.26"]
[Round "3.1"]
[White "Salgado Lopez, Ivan"]
[Black "Bauer, Christian"]
[Result "0-1"]
[WhiteTitle "GM"]
[BlackTitle "GM"]
[WhiteElo "2627"]
[BlackElo "2628"]
[WhiteTeam "L'Echiquier Chalonnais"]
[BlackTeam "C.E. de Bois-Colombes"]
[WhiteFideId "2257327"]
[BlackFideId "603767"]
[EventDate "2014.05.24"]

1. e4 Nc6 2. Nf3 d6 3. d4 Nf6 4. Nc3 g6 5. d5 Nb8 6. h3 Bg7 7. Be2 O-O 8. O-O e5
9. dxe6 Bxe6 10. Bg5 h6 11. Be3 Nc6 12. Qd2 Kh7 13. Nd4 Bd7 14. f4 Re8 15. Bf3
Na5 16. Qd3 c5 17. Nde2 b5 18. Ng3 Nc4 19. Bc1 Rb8 20. a4 a6 21. Rd1 h5 22. Rb1
h4 23. Nge2 Rb6 24. b3 Na5 25. Be3 b4 26. Nd5 Nxd5 27. Qxd5 Bc6 28. Qxd6 Qxd6
29. Rxd6 Nb7 30. Rd2 Bxe4 31. Bxe4 Rxe4 32. Bf2 Bf6 33. Kf1 Kg7 34. Rd7 Nd8 35.
Rbd1 Ne6 36. R1d6 Rxd6 37. Rxd6 a5 38. Rd5 Rxe2 0-1

[Event "TCh-FRA Top 12 2014"]
[Site "Saint-Quentin FRA"]
[Date "2014.05.26"]
[Round "3.2"]
[White "Ipatov, Alexander"]
[Black "Krasenkow, Michal"]
[Result "1/2-1/2"]
[WhiteTitle "GM"]
[BlackTitle "GM"]
[WhiteElo "2613"]
[BlackElo "2635"]
[WhiteTeam "C.E. de Bois-Colombes"]
[BlackTeam "L'Echiquier Chalonnais"]
[WhiteFideId "14116731"]
[BlackFideId "1113100"]
[EventDate "2014.05.24"]

1. e4 c5 2. Nf3 Nc6 3. Bb5 e6 4. O-O Nge7 5. c3 a6 6. Ba4 b5 7. Bc2 d5 8. e5 d4
9. cxd4 Nxd4 10. Be4 Rb8 11. a4 b4 12. d3 Bb7 13. Nbd2 Nef5 14. Nc4 Be7 15. Nxd4
Nxd4 16. Be3 Nf5 17. Rc1 O-O 18. Bxf5 exf5 19. Nd6 Bxd6 20. exd6 Qxd6 21. Bxc5
Qd5 22. f3 Rfe8 23. Qd2 a5 24. Bf2 Qb3 25. Qc2 Bd5 26. Rfe1 Rxe1+ 27. Bxe1 Qxc2
28. Rxc2 Bb3 29. Rc5 Bxa4 30. Rxa5 Bc2 31. d4 Kf8 32. d5 Rb7 33. Kf2 Ke8 34. Ke3
Re7+ 35. Kd2 Bb3 36. Bg3 Bc4 37. Rc5 Re2+ 38. Kd1 Bd3 39. d6 Rxg2 40. d7+ Kxd7
41. Rd5+ Ke6 42. Rd6+ Ke7 43. Rxd3 Rxb2 44. Re3+ Kd7 45. Kc1 Ra2 46. Rb3 Ra3 47.
Kc2 Ke6 48. Rxb4 Rxf3 49. Rb6+ Kd5 50. Rb7 Ke6 51. Rb6+ Kd5 52. Rb7 Ke6 1/2-1/2

[Event "TCh-FRA Top 12 2014"]
[Site "Saint-Quentin FRA"]
[Date "2014.05.26"]
[Round "3.3"]
[White "Sokolov, Ivan"]
[Black "Cornette, Matthieu"]
[Result "1-0"]
[WhiteTitle "GM"]
[BlackTitle "GM"]
[WhiteElo "2650"]
[BlackElo "2547"]
[WhiteTeam "L'Echiquier Chalonnais"]
[BlackTeam "C.E. de Bois-Colombes"]
[WhiteFideId "14400030"]
[BlackFideId "620084"]
[EventDate "2014.05.24"]

1. d4 Nf6 2. c4 e6 3. Nf3 d5 4. Bg5 h6 5. Bxf6 Qxf6 6. Nc3 Bb4 7. Rc1 O-O 8. e3
dxc4 9. Bxc4 c5 10. dxc5 Bxc5 11. Qc2 Qe7 12. a3 Bd7 13. Ba2 Rc8 14. Bb1 g6 15.
h4 f5 16. O-O g5 17. Ne5 Qf6 18. Ne4 Qxe5 19. Nxc5 Bb5 20. Rfd1 Nd7 21. Qb3 Nxc5
22. Qxb5 a6 23. Qb4 g4 24. g3 b5 25. Ba2 Kf7 26. Rc3 Kf6 27. Bb1 a5 28. Qxb5
Rab8 29. Qxa5 Rxb2 30. Bc2 Rb5 31. Qxb5 Qxc3 32. Qb1 Qxa3 33. Bxf5 exf5 34. Rd5
Ke7 35. Qxf5 Qa1+ 36. Kg2 Ne6 37. Re5 Rc6 38. e4 Rd6 39. Qh7+ Ke8 40. Qg8+ Ke7
41. Qg7+ Kd8 42. Qf6+ Kc7 43. Rc5+ 1-0

[Event "TCh-FRA Top 12 2014"]
[Site "Saint-Quentin FRA"]
[Date "2014.05.26"]
[Round "3.4"]
[White "Amin, Bassem"]
[Black "Dourerassou, Jonathan"]
[Result "1/2-1/2"]
[WhiteTitle "GM"]
[BlackTitle "IM"]
[WhiteElo "2628"]
[BlackElo "2502"]
[WhiteTeam "C.E. de Bois-Colombes"]
[BlackTeam "L'Echiquier Chalonnais"]
[WhiteFideId "10601457"]
[BlackFideId "628050"]
[EventDate "2014.05.24"]

1. e4 c5 2. Nf3 Nc6 3. Bb5 d6 4. O-O Bd7 5. Re1 Nf6 6. c3 a6 7. Bf1 Bg4 8. h3
Bxf3 9. Qxf3 g6 10. d3 Bg7 11. Be3 Nd7 12. Nd2 O-O 13. Qd1 b5 14. a3 Nb6 15. f4
Qc7 16. Nf3 Rad8 17. Rc1 Rfe8 18. d4 Na5 19. b3 c4 20. b4 Nb3 21. Rb1 e5 22. Qc2
Qb7 23. dxe5 dxe5 24. Nxe5 Bxe5 25. fxe5 Rxe5 26. Bf4 Re6 27. g3 Qe7 28. h4 Nd5
29. Bg5 f6 30. Bh6 f5 31. Bg5 Nf6 32. Qf2 Re8 33. Rbd1 Rxe4 34. Rxe4 Nxe4 35.
Bxe7 Nxf2 36. Kxf2 Rxe7 37. Rd6 Kg7 38. a4 bxa4 39. Rxa6 Nd2 40. Bg2 Nb1 41. b5
Nxc3 42. b6 Re2+ 43. Kf1 Rb2 44. b7 Nd1 45. Bc6 Ne3+ 46. Ke1 c3 47. Ra7 Kf6 48.
Bxa4 Rb1+ 49. Ke2 c2 50. Ra6+ Ke5 51. Rc6 Nd5 52. Rxc2 Rxb7 53. Bc6 Re7 54. Bxd5
Kxd5+ 55. Kf3 Ke5 56. Re2+ Kf6 57. Ra2 Rb7 58. Ra6+ Kg7 59. Ra4 Kh6 60. Ra3 Kh5
61. Rc3 Rb4 62. Ra3 Rb2 63. Rc3 h6 64. Ra3 g5 65. hxg5 hxg5 66. g4+ fxg4+ 67.
Kg3 Rb1 68. Ra8 Rb3+ 69. Kg2 g3 70. Ra4 Re3 71. Rb4 Rd3 1/2-1/2

[Event "TCh-FRA Top 12 2014"]
[Site "Saint-Quentin FRA"]
[Date "2014.05.26"]
[Round "3.5"]
[White "Sebag, Marie"]
[Black "Kazakov, Mikhail"]
[Result "1/2-1/2"]
[WhiteTitle "GM"]
[BlackTitle "GM"]
[WhiteElo "2486"]
[BlackElo "2517"]
[WhiteTeam "L'Echiquier Chalonnais"]
[BlackTeam "C.E. de Bois-Colombes"]
[WhiteFideId "617822"]
[BlackFideId "14102749"]
[EventDate "2014.05.24"]

1. e4 e5 2. Nf3 Nc6 3. Bb5 a6 4. Ba4 Nf6 5. O-O Be7 6. Re1 b5 7. Bb3 d6 8. c3
O-O 9. h3 Be6 10. d4 Bxb3 11. Qxb3 d5 12. exd5 Na5 13. Qc2 exd4 14. cxd4 Nxd5
15. Nc3 Nxc3 16. Qxc3 Nc4 17. Bf4 Bd6 18. Ne5 Nb6 19. Nc6 Qd7 20. Bxd6 Qxd6 21.
Ne7+ Kh8 22. Rac1 Nd5 23. Qc5 Nb4 24. Qxd6 cxd6 25. Rc7 g6 26. Nc6 Nd3 27. Ree7
Kg7 28. b3 Rae8 29. a4 Rxe7 30. Nxe7 Nf4 31. Ra7 Ne2+ 32. Kh2 Nxd4 33. Rxa6 Nxb3
34. axb5 Rb8 35. Rxd6 1/2-1/2

[Event "TCh-FRA Top 12 2014"]
[Site "Saint-Quentin FRA"]
[Date "2014.05.26"]
[Round "3.6"]
[White "Abergel, Thal"]
[Black "Velten, Paul"]
[Result "1-0"]
[WhiteTitle "GM"]
[BlackTitle "IM"]
[WhiteElo "2417"]
[BlackElo "2429"]
[WhiteTeam "C.E. de Bois-Colombes"]
[BlackTeam "L'Echiquier Chalonnais"]
[WhiteFideId "614890"]
[BlackFideId "681091"]
[EventDate "2014.05.24"]

1. e4 e6 2. d4 d5 3. Nc3 Nc6 4. Nf3 Nf6 5. e5 Ne4 6. Ne2 f6 7. Ng3 f5 8. Ne2 Be7
9. h4 O-O 10. g3 Na5 11. Nfg1 c5 12. f3 Nxg3 13. Nxg3 f4 14. Nh5 Bxh4+ 15. Ke2
Nc6 16. c3 cxd4 17. cxd4 b6 18. Nh3 Ba6+ 19. Kd2 Bxf1 20. Qxf1 Nxd4 21. N3xf4
Bg5 22. Kd1 Bxf4 23. Nxf4 Qd7 24. Qd3 Nf5 25. Bd2 Rac8 26. Rc1 Rc5 27. Rxc5 bxc5
28. Qa6 Re8 29. Kc1 h6 30. Rg1 Kf7 31. Kb1 Rc8 32. Rg6 Rc6 33. Qf1 Qc7 34. Qe1
c4 35. Rg2 d4 36. Qe4 Qc8 37. Bc1 c3 38. Nh5 cxb2 39. Bxb2 Qa6 40. Rg1 g5 41.
Nf6 Qb5 42. Ka1 d3 43. Rb1 Rb6 44. Qa8 Rb8 45. Qxa7+ Rb7 46. Qf2 Qa4 47. Ne4 Ra7
48. Nc3 Nd4 49. Nxa4 Nc2+ 50. Qxc2 dxc2 51. Rc1 Rxa4 52. Rxc2 Rf4 53. Rc7+ Kg6
54. Re7 Rxf3 55. Rxe6+ Kh7 56. Rf6 Re3 57. a4 Re4 58. a5 Ra4+ 59. Kb1 Rxa5 60.
e6 1-0

[Event "TCh-FRA Top 12 2014"]
[Site "Saint-Quentin FRA"]
[Date "2014.05.26"]
[Round "3.7"]
[White "Favarel, Antoine"]
[Black "Shoker, Samy"]
[Result "1-0"]
[WhiteTitle "FM"]
[BlackTitle "IM"]
[WhiteElo "2333"]
[BlackElo "2453"]
[WhiteTeam "L'Echiquier Chalonnais"]
[BlackTeam "C.E. de Bois-Colombes"]
[WhiteFideId "642371"]
[BlackFideId "627143"]
[EventDate "2014.05.24"]

1. d4 Nf6 2. c4 g6 3. Nc3 Bg7 4. e4 d6 5. Bd3 Nfd7 6. Nge2 c5 7. d5 Ne5 8. f4
Nxd3+ 9. Qxd3 a6 10. a4 e6 11. O-O exd5 12. Nxd5 Nc6 13. f5 O-O 14. f6 Bh8 15.
b3 Re8 16. Bb2 Be6 17. Nef4 Bxd5 18. Nxd5 Nb4 19. Nxb4 cxb4 20. Rf4 Qb6+ 21. Bd4
Qc6 22. h4 h5 23. Re1 Rad8 24. Qd2 Re6 25. Kh2 Rde8 26. Qd3 Qc7 27. g3 Rd8 28.
Kg2 Rde8 29. Bb2 Qc5 30. Qd5 Qc8 31. Rd1 Qc6 32. Kf3 Qc8 33. Qg5 b5 34. axb5
axb5 35. Qxb5 Re5 36. Qxb4 Rxe4 37. Rxe4 Rxe4 38. Kxe4 Qg4+ 39. Ke3 Qxd1 40. Qc3
Qg4 41. Kd2 g5 42. Qe3 gxh4 43. Qe8+ Kh7 44. Qxf7+ Kh6 45. Qf8+ Kh7 46. Qf7+ Kh6
47. Bc1 Kg5 48. Ke1+ Kf5 49. Qd7+ Kg6 50. Qe8+ Kf5 51. Qc8+ Kg6 52. Qg8+ Kf5 53.
Qxg4+ Kxg4 54. f7 Bg7 55. gxh4 Kf5 56. b4 Ke6 57. Bb2 Bh6 58. b5 Kxf7 59. b6 Be3
60. b7 Ba7 61. c5 Ke6 62. c6 Bb8 63. Bd4 Kd5 64. Ba7 Bc7 65. b8=Q Bxb8 66. Bxb8
Kxc6 67. Ke2 Kd5 68. Kf3 Ke5 69. Bc7 Kd5 70. Kf4 Kc6 71. Bb8 d5 72. Kg5 d4 73.
Kxh5 d3 74. Bf4 d2 75. Bxd2 1-0

[Event "TCh-FRA Top 12 2014"]
[Site "Saint-Quentin FRA"]
[Date "2014.05.26"]
[Round "3.8"]
[White "Dacalor, Aurelie"]
[Black "Donrault, Patrick"]
[Result "0-1"]
[WhiteTitle "WFM"]
[WhiteElo "2030"]
[BlackElo "2195"]
[WhiteTeam "C.E. de Bois-Colombes"]
[BlackTeam "L'Echiquier Chalonnais"]
[WhiteFideId "617083"]
[BlackFideId "605255"]
[EventDate "2014.05.24"]

1. d4 e6 2. c4 Nf6 3. Nf3 b6 4. a3 Bb7 5. Nc3 d5 6. Bg5 Be7 7. cxd5 exd5 8. e3
O-O 9. Bd3 Nbd7 10. h3 c5 11. O-O a6 12. Qb1 Ne4 13. Bf4 Ndf6 14. Rd1 Qc8 15.
Ng5 Nxg5 16. Bxg5 h6 17. Bf5 Qc6 18. Bh4 c4 19. f3 Rfe8 20. Qc1 g6 21. Bc2 Kg7
22. Qd2 b5 23. Qf2 a5 24. Kh1 b4 25. Ba4 Qe6 26. Bxe8 bxc3 27. Ba4 cxb2 28. Qxb2
Bc8 29. Bf2 g5 30. Rab1 h5 31. e4 g4 32. e5 Nh7 33. hxg4 hxg4 34. f4 Qh6+ 35.
Kg1 Qxf4 36. Bc6 Ra6 37. Bxd5 g3 38. Bxg3 Qxg3 39. Qf2 Qxf2+ 40. Kxf2 Be6 41.
Bb7 Ra7 42. d5 Bf5 43. Rb5 c3 44. d6 Bh4+ 45. g3 c2 0-1

[Event "TCh-FRA Top 12 2014"]
[Site "Saint-Quentin FRA"]
[Date "2014.05.26"]
[Round "3.1"]
[White "Pelletier, Yannick"]
[Black "Vachier-Lagrave, Maxime"]
[Result "1/2-1/2"]
[WhiteTitle "GM"]
[BlackTitle "GM"]
[WhiteElo "2577"]
[BlackElo "2758"]
[WhiteTeam "Les Tours de Haute Picardie"]
[BlackTeam "Clichy-Echecs-92"]
[WhiteFideId "1301837"]
[BlackFideId "623539"]
[EventDate "2014.05.24"]

1. d4 Nf6 2. c4 g6 3. Nc3 d5 4. Bf4 Bg7 5. e3 O-O 6. Rc1 Be6 7. cxd5 Nxd5 8.
Nxd5 Qxd5 9. a3 Qa5+ 10. Qd2 Qxd2+ 11. Kxd2 c6 12. Bc4 Bxc4 13. Rxc4 Nd7 14. Nf3
Rfd8 15. Ke2 Nb6 16. Rc2 Rd5 17. g4 Rb5 18. Be5 Nd7 19. Bxg7 Kxg7 20. h3 Re8 1/2-1/2

[Event "TCh-FRA Top 12 2014"]
[Site "Saint-Quentin FRA"]
[Date "2014.05.26"]
[Round "3.2"]
[White "Matlakov, Maxim"]
[Black "Kveinys, Aloyzas"]
[Result "1/2-1/2"]
[WhiteTitle "GM"]
[BlackTitle "GM"]
[WhiteElo "2689"]
[BlackElo "2547"]
[WhiteTeam "Clichy-Echecs-92"]
[BlackTeam "Les Tours de Haute Picardie"]
[WhiteFideId "4168003"]
[BlackFideId "12800040"]
[EventDate "2014.05.24"]

1. d4 Nf6 2. c4 e6 3. Nf3 d5 4. Nc3 c5 5. cxd5 Nxd5 6. e4 Nxc3 7. bxc3 cxd4 8.
cxd4 Bb4+ 9. Bd2 Bxd2+ 10. Qxd2 O-O 11. Rc1 b6 12. Bd3 Bb7 13. O-O Nc6 14. d5
exd5 15. exd5 Na5 16. d6 Bxf3 17. gxf3 Nb7 18. Be4 Rb8 19. Rc6 Nc5 20. Rc7 Qf6
21. Rxa7 Rbd8 22. d7 Qe6 23. Rd1 Nxe4 24. fxe4 Qg4+ 25. Kf1 Qxe4 26. Qd5 Qxd5
27. Rxd5 f5 28. Ke2 Kf7 29. Rxf5+ Ke6 30. Rxf8 Rxf8 31. Ke3 g5 32. a4 Kd6 33. f3
h6 34. Kf2 Ke7 35. Rb7 Rf6 36. Kg3 Kd8 37. Ra7 Rf4 38. Ra6 Rb4 39. a5 bxa5 40.
Rxa5 Kxd7 41. Ra7+ 1/2-1/2

[Event "TCh-FRA Top 12 2014"]
[Site "Saint-Quentin FRA"]
[Date "2014.05.26"]
[Round "3.3"]
[White "David, Alberto"]
[Black "Tregubov, Pavel V."]
[Result "1/2-1/2"]
[WhiteTitle "GM"]
[BlackTitle "GM"]
[WhiteElo "2579"]
[BlackElo "2616"]
[WhiteTeam "Les Tours de Haute Picardie"]
[BlackTeam "Clichy-Echecs-92"]
[WhiteFideId "4000013"]
[BlackFideId "4115341"]
[EventDate "2014.05.24"]

1. e4 c5 2. Nf3 e6 3. g3 d5 4. exd5 exd5 5. d4 Nc6 6. Bg2 Bg4 7. O-O cxd4 8.
Nbd2 Bc5 9. h3 Bxf3 10. Nxf3 Nge7 11. a3 a5 12. b3 O-O 13. Qd3 Ng6 14. Bb2 Qb6
15. Qf5 Nce7 16. Qd3 Nc6 17. Qf5 Nce7 18. Qd3 1/2-1/2

[Event "TCh-FRA Top 12 2014"]
[Site "Saint-Quentin FRA"]
[Date "2014.05.26"]
[Round "3.4"]
[White "Hamdouchi, Hicham"]
[Black "Eliet, Nicolas"]
[Result "1-0"]
[WhiteTitle "GM"]
[BlackTitle "IM"]
[WhiteElo "2627"]
[BlackElo "2402"]
[WhiteTeam "Clichy-Echecs-92"]
[BlackTeam "Les Tours de Haute Picardie"]
[WhiteFideId "9000011"]
[BlackFideId "602302"]
[EventDate "2014.05.24"]

1. e4 c6 2. c4 d5 3. cxd5 cxd5 4. exd5 Nf6 5. Nc3 Nxd5 6. Nf3 Nxc3 7. bxc3 Qc7
8. d4 g6 9. Bb5+ Bd7 10. Bxd7+ Nxd7 11. O-O Bg7 12. Ba3 Nb6 13. Re1 Nc8 14. d5
Nd6 15. Rc1 O-O 16. c4 Rfe8 17. Qa4 a6 18. Qb3 Rad8 19. c5 Nb5 20. Bb4 Bh6 21.
Rcd1 a5 22. Qa4 axb4 23. Qxb5 Bg7 24. Qxb4 Ra8 25. a3 Red8 26. Rd3 Rdc8 27. d6 1-0

[Event "TCh-FRA Top 12 2014"]
[Site "Saint-Quentin FRA"]
[Date "2014.05.26"]
[Round "3.5"]
[White "Godart, Francois"]
[Black "Fressinet, Laurent"]
[Result "1/2-1/2"]
[WhiteTitle "FM"]
[BlackTitle "GM"]
[WhiteElo "2376"]
[BlackElo "2711"]
[WhiteTeam "Les Tours de Haute Picardie"]
[BlackTeam "Clichy-Echecs-92"]
[WhiteFideId "208078"]
[BlackFideId "608742"]
[EventDate "2014.05.24"]

1. d4 Nf6 2. Nf3 g6 3. c4 Bg7 4. Nc3 O-O 5. e4 d6 6. Be2 Nbd7 7. O-O e5 8. Be3
Qe7 9. Qc2 c6 10. d5 c5 11. Ne1 Kh8 12. Nd3 Ng8 13. b4 b6 14. a4 a5 15. bxc5
bxc5 16. Nb5 f5 17. f3 Ndf6 18. Nc1 Bh6 19. Bxh6 Nxh6 20. Nb3 Nh5 21. Rae1 Nf4
22. Bd1 fxe4 23. fxe4 Bg4 24. Nc1 Qg5 25. Nd3 Bxd1 26. Rxd1 Ng4 27. Nxf4 Rxf4
28. Qe2 Raf8 29. Rxf4 Rxf4 30. Nxd6 Rf6 31. h3 Nf2 32. Rb1 Nxh3+ 33. Kh2 Nf4 34.
Rb8+ Kg7 35. Ne8+ Kh6 36. Qf3 Qh4+ 37. Kg1 Rf7 38. Nd6 Qe1+ 39. Kh2 Rd7 40. Rb6
Qh4+ 41. Kg1 Qe1+ 1/2-1/2

[Event "TCh-FRA Top 12 2014"]
[Site "Saint-Quentin FRA"]
[Date "2014.05.26"]
[Round "3.6"]
[White "Delorme, Axel"]
[Black "Bunzmann, Dimitrij"]
[Result "1-0"]
[WhiteTitle "IM"]
[BlackTitle "GM"]
[WhiteElo "2487"]
[BlackElo "2464"]
[WhiteTeam "Clichy-Echecs-92"]
[BlackTeam "Les Tours de Haute Picardie"]
[WhiteFideId "632023"]
[BlackFideId "4634284"]
[EventDate "2014.05.24"]

1. Nf3 Nf6 2. c4 e6 3. g3 b6 4. Bg2 Bb7 5. O-O Be7 6. d3 d5 7. cxd5 exd5 8. Qa4+
Qd7 9. Qxd7+ Nbxd7 10. Nd4 O-O 11. Bf4 Bd8 12. Nc3 Nc5 13. b4 Ne6 14. Nxe6 fxe6
15. Nb5 Ne8 16. Bh3 Bc8 17. Rac1 Rf7 18. Nd4 g5 19. Bd2 Ng7 20. Nf3 h6 21. Ne5
Rf8 22. f4 c5 23. fxg5 hxg5 24. Rxf8+ Kxf8 25. Nc6 Bf6 26. Rf1 Ne8 27. Bxg5 Kg7
28. Bxf6+ Nxf6 29. bxc5 e5 30. cxb6 axb6 31. Bxc8 Rxc8 32. Nxe5 Rc2 33. Kf2 Rxa2
34. Rb1 Ra6 35. g4 d4 36. Kf3 Nd5 37. Rb2 Nc3 38. Nc6 1-0

[Event "TCh-FRA Top 12 2014"]
[Site "Saint-Quentin FRA"]
[Date "2014.05.26"]
[Round "3.7"]
[White "Cappon, John"]
[Black "Lagarde, Maxime"]
[Result "0-1"]
[BlackTitle "GM"]
[WhiteElo "2238"]
[BlackElo "2510"]
[WhiteTeam "Les Tours de Haute Picardie"]
[BlackTeam "Clichy-Echecs-92"]
[WhiteFideId "608459"]
[BlackFideId "662399"]
[EventDate "2014.05.24"]

1. e4 c5 2. Nf3 e6 3. c3 Nf6 4. Qe2 Be7 5. g3 d5 6. d3 b5 7. Nbd2 O-O 8. Bg2 Nc6
9. O-O a5 10. Re1 Ba6 11. e5 Nd7 12. h4 Nb6 13. b3 a4 14. Rb1 Qd7 15. Nf1 Rfd8
16. Ng5 h6 17. Nh3 Qc7 18. Bf4 b4 19. c4 dxc4 20. dxc4 Bb7 21. Qg4 Kf8 22. Nd2
axb3 23. axb3 Nd7 24. Qh5 Ke8 25. Be4 Nf8 26. Qg4 g6 27. Bxh6 Nxe5 28. Qf4 Rxd2
29. Bxb7 Qxb7 30. Qxe5 Rd4 31. Bxf8 Bxf8 32. h5 Bd6 33. Qh8+ Ke7 34. Qg7 Rg4 35.
Rxe6+ Kxe6 36. Re1+ Kf5 0-1